Servicio al cliente interno: cómo solucionar la crisis de liderazgo en la gerencia intermedia

Shranjeno v:
Bibliografske podrobnosti
Glavni avtor: Albrecht, Karl (Author)
Format: Knjiga
Jezik:španščina
Izdano: Barcelona Ediciones Paidós 1992
Izdaja:1a. ed
Serija:Paidós Empresa, 7
Teme:
Oznake: Označite
Brez oznak, prvi označite!

MARC

LEADER 00000cam a2200000 a 4500
001 UCD8975
003 CL-VaPUC
008 170527e19920000sp |||||||||||||||||spa|d
020 |a 8475097499 
082 0 4 |a 658.812  |b ALB  |2 21 
100 0 |a Albrecht, Karl  |e author  |9 592607 
245 1 0 |a Servicio al cliente interno: cómo solucionar la crisis de liderazgo en la gerencia intermedia 
250 |a 1a. ed 
300 |a 259 p 
942 |c BK 
945 |d 20170527 00:32:00  |a arojas 
260 |a Barcelona  |b Ediciones Paidós   |c 1992 
650 0 |a Atención al cliente  |9 527293 
650 0 |a Servicio al cliente   |9 320800 
650 0 |a Clientes  |9 369499 
650 0 |a Liderazgo  |9 271835 
583 |a last modification  |c 20170527 00:32:00  |k Rodrigo Vera 
490 0 |a Paidós Empresa, 7 
999 |c 368281  |d 368279